Buteurs Real madrid LDC 2015/2016 - Statistiques

Statistiques générales
  • Ce quiz a été pris 215 fois
  • Le résultat moyen est 8 sur 12
Statistiques - réponses
Nombre de but Buteur % Correct
17 Cristiano Ronaldo
100%
4 Karim Benzema
99%
1 Gareth Bale
97%
1 Luka Modric
96%
2 Sergio Ramos
92%
1 Marcelo
84%
1 Daniel Carvajal
76%
1 Lucas Vazquez
43%
1 James Rodriguez
36%
1 Jese
31%
1 Mateo Kovacic
29%
1 Nacho Fernandez
21%
Aucun quiz correspondant
Distribution des résultats
% des personnes avec chaque résultat
Percentile par nombre de réponses
Votre historique - résultats
Vous n’avez pas pris ce quiz